000 00358pab a2200133 454500
008 180718b xxu||||| |||| 00| 0 eng d
100 _aSoni Manoj
245 _aFrom cold war to hot peace
362 _a7(82), Dec 93, p.8-16
650 _a Nehru, Jawaharlal -- On Foreign Policy
650 _aIndia - Foreign Policy
773 _aThird Concept
909 _a25994
999 _c25994
_d25994